[Event "Solingen-ch"]
[Site "Solingen"]
[Date "2016.11.01"]
[Round "5"]
[White "Zimdars, Wolfgang"]
[Black "Skiber, Friedel"]
[Result "0-1"]
[WhiteElo "1611"]
[BlackElo "1727"]
[PlyCount "81"]
[EventDate "2016.09.07"]
[EventType "swiss"]
[EventRounds "7"]
[EventCountry "GER"]
[SourceTitle "EXT 2018"]
[Source "ChessBase"]
[SourceDate "2017.10.13"]
[SourceVersion "1"]
[SourceVersionDate "2017.10.13"]
[SourceQuality "1"]

1. d4 Nf6 2. Bg5 Ne4 3. Bf4 d6 4. Nf3 g6 5. e3 Bg7 6. Bd3 Nf6 7. h3 Nbd7 8. Nbd2 0-0 9. c3 Nh5 10. Bh2 e5 11. dxe5 dxe5 12. Be2 Qe7 13. Qc2 a6 14. g4 Nhf6 15. Nb3 b5 16. e4 c5 17. Nbd2 Bb7 18. g5 Nh5 19. Rg1 f5 20. Nh4 Nf4 21. Bxf4 exf4 22. f3 Rae8 23. 0-0-0 fxe4 24. fxe4 Bxe4 25. Nxe4 Qxe4 26. Bf3 Qe3+ 27. Qd2 Nb6 28. Qxe3 fxe3 29. Rge1 Rf4 30. Bc6 e2 31. Bxe8 exd1Q+ 32. Rxd1 Rxh4 33. Rd8 Bf8 34. Rb8 Nc4 35. Bd7 Re4 36. Bc6 Re5 37. Rd8 Kf7 38. h4 Be7 39. Rd7 b4 40. Bb7 a5 41. Bd5+ 0-1